Statistics for KamDaddy's Top 65 Movies of All Time

Click here to take the quiz!

General Stats

  • This quiz has been taken 5 times
  • The average score is 34 of 65

Answer Stats

YearDirectorAnswer% Correct
2009James CameronAvatar
100%
1993Steven SpielbergSchindler's List
100%
2006Martin ScorseseThe Departed
100%
1972Francis Ford CoppolaThe Godfather
100%
2019Martin ScorseseThe Irishman
100%
1980Stanley KubrickThe Shining
100%
1986John HughesFerris Bueller's Day Off
80%
1994Robert ZemeckisForrest Gump
80%
1993Harold RamisGroundhog Day
80%
2016Mel GibsonHacksaw Ridge
80%
2016Damien ChazelleLa La Land
80%
1998Steven SpielbergSaving Private Ryan
80%
2008Christopher NolanThe Dark Knight
80%
2014Wes AndersonThe Grand Budapest Hotel
80%
1999Frank DarabontThe Green Mile
80%
1994Roger Allers, Rob MinkoffThe Lion King
80%
2013Steve Mcqueen12 Years a Slave
60%
1980Jerry Zucker, Jim Abrahams, David ZuckerAirplane
60%
2014Alejandro Gonzales InarrituBirdman
60%
2002Steven SpielbergCatch Me If You Can
60%
2009Wes AndersonFantastic Mr. Fox
60%
2019Chris Buck, Jennifer LeeFrozen 2
60%
1997Gus Van SantGood Will Hunting
60%
2019Taika WaititiJojo Rabbit
60%
2019Todd PhillipsJoker
60%
2017Greta GerwigLady Bird
60%
2001Baz LuhrmanMoulin Rouge
60%
2022Matt ReevesThe Batman
60%
1985John HughesThe Breakfast Club
60%
1991Jonathan DemmeThe Silence of the Lambs
60%
2022Darren AronofskyThe Whale
60%
2021Steven SpielbergWest Side Story
60%
1989Rob ReinerWhen Harry Met Sally
60%
2014Damien ChazelleWhiplash
60%
2017Luca GuadagninoCall Me by Your Name
40%
2003Jon FavreauElf
40%
2004Michel GondryEternal Sunshine of the Spotless Mind
40%
2018Peter FarrellyGreen Book
40%
2018Ari AsterHereditary
40%
1993Chris ColumbusMrs. Doubtfire
40%
2013Denis VilleneuvePrisoners
40%
1988Barry LevinsonRain Man
40%
2012David O. RussellSilver Linings Playbook
40%
2008Adam McKayStep Brothers
40%
2008David FincherThe Curious Case of Benjamin Button
40%
2012Stephen ChboskyThe Perks of Being a Wallflower
40%
1994Frank DarabontThe Shawshank Redemption
40%
2010David FincherThe Social Network
40%
1998Peter WeirThe Truman Show
40%
2018Felix van GroeningenBeautiful Boy
20%
1995Tamra DavisBilly Madison
20%
2002Rob MarshallChicago
20%
2020Justin BaldoniClouds
20%
1997Mike NewellDonnie Brasco
20%
1991Steven SpielbergHook
20%
1996Francis Ford CoppolaJack
20%
2023Jon Erwin, Brent McCorkleJesus Revolution
20%
2016Kenneth LonerganManchester by the Sea
20%
2004Mark WatersMean Girls
20%
2004Jared HessNapoleon Dynamite
20%
2021Pablo LarrainSpencer
20%
2013Francis LawrenceThe Hunger Games: Catching Fire
20%
2020Judd ApatowThe King of Staten Island
20%
1983Francis Ford CoppolaThe Outsiders
20%
1998Simon Wells, Steve Hickner, Brenda ChapmanThe Prince of Egypt
20%

Score Distribution

Percentile by Number Answered

Percent of People with Each Score

Your Score History

You have not taken this quiz